000 00977nam a2200265Ia 4500
003 OSt
005 20221005113442.0
006 a|||||r|||| 00| 0
007 ta
008 221004b |||||||| |||| 00| 0 pan d
020 _a9788178836942 (hbk)
_c225
024 _a117385
037 _b560, 10/01/2012, H.K. Prakashan
_cTextual
040 _aCRL
_cCRL
_bpan
041 _2pan
_apan
082 _aY:351.236, 153Q0
100 _aਖੀਵਾ, ਜਲੌਰ ਸਿੰਘ
245 0 _aਪੰਜਾਬੀ ਸਭਿਆਚਾਰ
_b ਰਿਤਿਆਂ ਦੀ ਸੰਬਾਦਿਕਤਾ
260 _aਲੁਧਿਆਣਾ
_bਚੇਤਨਾ ਪ੍ਰਕਾਨ ਭਾਰਤ
_c2010
300 _a176ਪੰ
_ccm.
650 _a ਲੋਕਧਾਰਾ ਪੰਜਾਬ
650 _aਸਮਾਜ Fਾਸਤਰ
942 _hY:351.236, 153Q0
_cTEXL
_2cc
999 _c1028238
_d1028238